[Event "Vlissingen HZ op 24th"]
[Site "Vlissingen"]
[Date "2022.08.11"]
[Round "7"]
[White "Bezemer, Arno J"]
[Black "Verwoert, Jef"]
[Result "1-0"]
[WhiteElo "2278"]
[BlackElo "1998"]
[PlyCount "81"]
[EventDate "2022.08.06"]
[EventType "swiss"]
[EventRounds "9"]
[EventCountry "NED"]
[SourceTitle "CBM 209 Extra"]
[Source "ChessBase"]
[SourceDate "2022.09.30"]
[SourceVersion "1"]
[SourceVersionDate "2022.09.30"]
[SourceQuality "1"]

1. e4 c5 2. Nf3 Nc6 3. Bb5 Nd4 4. Nxd4 cxd4 5. c3 a6 6. Ba4 b5 7. Bc2 dxc3 8. Nxc3 Bb7 9. d4 g6 10. 0-0 Bg7 11. Be3 Nf6 12. f3 0-0 13. Qd2 Rc8 14. Rfc1 d6 15. a4 b4 16. Ne2 a5 17. Bd3 Rxc1+ 18. Rxc1 Qa8 19. Rc7 Rc8 20. Qc2 Qb8 21. Rxc8+ Qxc8 22. Qxc8+ Bxc8 23. Bb5 Bd7 24. Bxd7 Nxd7 25. Nc1 Kf8 26. Kf2 Ke8 27. Ke2 Nb6 28. b3 Kd7 29. d5 Kc7 30. Kd3 e6 31. Bxb6+ Kxb6 32. Kc4 h5 33. Nd3 e5 34. Nb2 Bh6 35. Kd3 Bf8 36. Nc4+ Ka6 37. g4 h4 38. g5 h3 39. Ke3 Be7 40. f4 f6 41. gxf6 1-0

[Event "Liberec op 19th"]
[Site "Liberec"]
[Date "2019.02.27"]
[Round "6"]
[White "Ortiz Sanchez, Luis"]
[Black "Verwoert, Jef"]
[Result "0-1"]
[WhiteElo "1922"]
[BlackElo "2036"]
[PlyCount "121"]
[EventDate "2019.02.23"]
[EventType "swiss"]
[EventRounds "9"]
[EventCountry "CZE"]
[SourceTitle "CBM 189 Extra"]
[Source "ChessBase"]
[SourceDate "2019.06.03"]
[SourceVersion "1"]
[SourceVersionDate "2019.06.03"]
[SourceQuality "1"]

1. e4 c5 2. Nf3 g6 3. d4 cxd4 4. Qxd4 Nf6 5. e5 Nc6 6. Qa4 Nd5 7. Qe4 Nb6 8. Nc3 d5 9. exd6 Bf5 10. Qh4 exd6 11. Bg5 Be7 12. 0-0-0 Bxg5+ 13. Nxg5 h6 14. f4 Kf8 15. h3 Kg7 16. Nf3 Qxh4 17. Nxh4 Rad8 18. g4 Be6 19. Bg2 Rhe8 20. b3 f5 21. gxf5 Bxf5 22. Nxf5+ gxf5 23. Rhg1 Kf6 24. Rd3 Rg8 25. Rdd1 Rg7 26. Bd5 Rxg1 27. Rxg1 Nxd5 28. Nxd5+ Kf7 29. c3 Re8 30. Kd2 a6 31. Rg3 Re6 32. Rg1 Rg6 33. Rxg6 Kxg6 34. Ne3 Nd8 35. Nc4 Nf7 36. Ke2 Kf6 37. Na5 Nd8 38. Nc4 Ke6 39. Kf3 Nc6 40. Ke3 Ne7 41. Nb6 Nd5+ 42. Nxd5 Kxd5 43. c4+ Kc5 44. a3 d5 45. cxd5 Kxd5 46. Kd3 Kc5 47. Kc3 a5 48. Kd3 Kd5 49. Ke3 a4 50. bxa4 Kc4 51. a5 Kc3 52. h4 Kc4 53. h5 Kc3 54. a4 Kc4 55. a6 bxa6 56. a5 Kc3 57. Ke2 Kd4 58. Kd2 Ke4 59. Kc3 Kxf4 60. Kc4 Kg5 61. Kc5 0-1

[Event "Groningen op-B 55th"]
[Site "Groningen"]
[Date "2017.12.27"]
[Round "6"]
[White "Verwoert, Jef"]
[Black "Vermeulen, Frans"]
[Result "1-0"]
[WhiteElo "1990"]
[BlackElo "1894"]
[PlyCount "140"]
[EventDate "2017.12.22"]
[EventType "swiss"]
[EventRounds "9"]
[EventCountry "NED"]
[SourceTitle "CBM 182 Extra"]
[Source "ChessBase"]
[SourceDate "2018.02.23"]
[SourceVersion "1"]
[SourceVersionDate "2018.02.23"]
[SourceQuality "1"]

1. c4 e5 2. g3 Nf6 3. Bg2 Bc5 4. e3 Nc6 5. Ne2 e4 6. 0-0 d5 7. cxd5 Qxd5 8. d4 Bd6 9. Nbc3 Qf5 10. f3 exf3 11. Bxf3 Qg6 12. e4 Bh3 13. e5 Bxf1 14. Qxf1 Qd3 15. exf6 Nxd4 16. fxg7 Nxf3+ 17. Qxf3 Bc5+ 18. Kg2 Qxf3+ 19. Kxf3 Rg8 20. Ne4 Be7 21. Bh6 f5 22. N4c3 0-0-0 23. Rc1 Bf6 24. Nb5 c6 25. Bf4 Rd3+ 26. Kf2 Kd7 27. Nbc3 Bxg7 28. Rc2 Re8 29. Rd2 Rxd2 30. Bxd2 b5 31. Be3 a6 32. Nd4 Bxd4 33. Bxd4 Kd6 34. b4 Ra8 35. Kf3 Ke6 36. Ke3 a5 37. a3 axb4 38. axb4 Ra3 39. Kd3 h5 40. Bc5 Kf6 41. Kd4 Rb3 42. h4 Rb2 43. Ke3 Rb3 44. Kd3 Ra3 45. Bd4+ Ke6 46. Kd2 Ra8 47. Ne2 Ra2+ 48. Ke3 Ra3+ 49. Kf4 Ra8 50. Bc5 Rg8 51. Nd4+ Kd5 52. Nxf5 Rg4+ 53. Kf3 Ke6 54. Ne3 Rg8 55. Kf4 Rg7 56. g4 hxg4 57. h5 g3 58. h6 Rh7 59. Kg5 Rh8 60. Bd4 Rg8+ 61. Bg7 Kf7 62. Kf4 Kg6 63. Kxg3 Rd8 64. Kf4 Rd3 65. Nf5 Rd7 66. Ke5 Rd5+ 67. Ke6 Rxf5 68. h7 Kxg7 69. Kxf5 c5 70. bxc5 b4 1-0

[Event "Olomouc op 17th"]
[Site "Olomouc"]
[Date "2014.08.06"]
[Round "8"]
[White "Verwoert, Jef"]
[Black "Dvorak, Adam"]
[Result "1/2-1/2"]
[WhiteElo "2020"]
[BlackElo "2157"]
[PlyCount "56"]
[EventDate "2014.07.31"]
[EventType "swiss"]
[EventRounds "9"]
[EventCountry "CZE"]
[SourceTitle "CBM 161 Extra"]
[Source "ChessBase"]
[SourceDate "2014.08.29"]
[SourceVersion "1"]
[SourceVersionDate "2014.08.29"]
[SourceQuality "1"]

1. e4 c5 2. Nc3 a6 3. f4 b5 4. g3 Bb7 5. Bg2 e6 6. d3 b4 7. Na4 Nf6 8. b3 Be7 9. Qe2 0-0 10. h3 d5 11. e5 Nfd7 12. Nf3 Bc6 13. Nb2 Nb6 14. a4 bxa3 15. Nd1 a5 16. Bxa3 a4 17. 0-0 N8d7 18. g4 axb3 19. cxb3 c4 20. Bxe7 Qxe7 21. Rxa8 Rxa8 22. dxc4 dxc4 23. bxc4 Qc5+ 24. Qe3 Qxc4 25. Nd2 Qc2 26. Qc3 Qxc3 27. Nxc3 Bxg2 28. Kxg2 Rc8 1/2-1/2

[Event "Olomouc op 17th"]
[Site "Olomouc"]
[Date "2014.08.05"]
[Round "7"]
[White "Furman, Boris"]
[Black "Verwoert, Jef"]
[Result "1/2-1/2"]
[WhiteElo "2225"]
[BlackElo "2020"]
[PlyCount "41"]
[EventDate "2014.07.31"]
[EventType "swiss"]
[EventRounds "9"]
[EventCountry "CZE"]
[SourceTitle "CBM 161 Extra"]
[Source "ChessBase"]
[SourceDate "2014.08.29"]
[SourceVersion "1"]
[SourceVersionDate "2014.08.29"]
[SourceQuality "1"]

1. d4 Nf6 2. c4 c5 3. d5 b5 4. cxb5 a6 5. bxa6 g6 6. Nc3 Bxa6 7. e4 Bxf1 8. Kxf1 d6 9. Nf3 Nbd7 10. g3 Bg7 11. Kg2 0-0 12. Re1 Qa5 13. e5 Ng4 14. exd6 exd6 15. Bf4 Nge5 16. Nxe5 Nxe5 17. Qe2 Rfb8 18. Rad1 c4 19. Bxe5 Bxe5 20. Qxc4 Rxb2 21. Rc1 1/2-1/2

[Event "Olomouc op 17th"]
[Site "Olomouc"]
[Date "2014.08.03"]
[Round "4"]
[White "Verwoert, Jef"]
[Black "Zhou, Guijue"]
[Result "0-1"]
[WhiteElo "2020"]
[BlackElo "2191"]
[PlyCount "50"]
[EventDate "2014.07.31"]
[EventType "swiss"]
[EventRounds "9"]
[EventCountry "CZE"]
[SourceTitle "CBM 161 Extra"]
[Source "ChessBase"]
[SourceDate "2014.08.29"]
[SourceVersion "1"]
[SourceVersionDate "2014.08.29"]
[SourceQuality "1"]

1. e4 d6 2. d4 g6 3. Nc3 Bg7 4. Nf3 a6 5. a4 b6 6. h3 Bb7 7. Be3 Nd7 8. Bc4 e6 9. 0-0 Ngf6 10. e5 Bxf3 11. Qxf3 dxe5 12. Rad1 0-0 13. d5 e4 14. Qe2 e5 15. Bxa6 Qe7 16. Bb5 Qb4 17. Bc1 Rad8 18. Na2 Qe7 19. Bd2 Nxd5 20. c4 Nf4 21. Qxe4 Nc5 22. Qf3 Nfd3 23. Nb4 e4 24. Qe3 Nxb2 25. Nc6 Qd6 0-1

[Event "Vlissingen HZ op 17th"]
[Site "Vlissingen"]
[Date "2013.08.08"]
[Round "7"]
[White "Beukema, Stefan"]
[Black "Verwoert, Jef"]
[Result "1-0"]
[WhiteElo "2321"]
[BlackElo "2011"]
[PlyCount "95"]
[EventDate "2013.08.03"]
[EventType "swiss"]
[EventRounds "9"]
[EventCountry "NED"]
[SourceTitle "CBM 155 Extra"]
[Source "ChessBase"]
[SourceDate "2013.08.26"]
[SourceVersion "1"]
[SourceVersionDate "2013.08.26"]
[SourceQuality "1"]

1. e4 c5 2. Nf3 g6 3. d4 cxd4 4. Nxd4 Nc6 5. Nb3 Nf6 6. Nc3 Bg7 7. Be2 0-0 8. Be3 d6 9. 0-0 Be6 10. f4 Qd7 11. Kh1 Bg4 12. Bxg4 Nxg4 13. Bg1 b6 14. Qe2 Nh6 15. Rad1 Qb7 16. Be3 f5 17. Nd4 Ng4 18. Bg1 Nxd4 19. Bxd4 e5 20. Bg1 exf4 21. exf5 gxf5 22. Rxd6 Be5 23. Re6 Rae8 24. Rxe8 Rxe8 25. Qd3 Qf7 26. h3 Nh6 27. Bh2 Qc7 28. Nd5 Qd6 29. Nxf4 Qxd3 30. Nxd3 Bxh2 31. Kxh2 Re2 32. Rf2 Rxf2 33. Nxf2 Kf7 34. Kg3 Kf6 35. Kf4 Nf7 36. h4 Ne5 37. h5 Nc4 38. b3 Na3 39. c4 Nc2 40. g4 fxg4 41. Nxg4+ Ke6 42. Kg5 Nb4 43. Kh6 Nxa2 44. Kxh7 Nc3 45. h6 Ne4 46. Kg6 Nd6 47. h7 Nf7 48. Nh6 1-0

[Event "Vlissingen HZ op 17th"]
[Site "Vlissingen"]
[Date "2013.08.04"]
[Round "2"]
[White "Verwoert, Jef"]
[Black "Akshat, Khamparia"]
[Result "0-1"]
[WhiteElo "2011"]
[BlackElo "2354"]
[PlyCount "58"]
[EventDate "2013.08.03"]
[EventType "swiss"]
[EventRounds "9"]
[EventCountry "NED"]
[SourceTitle "CBM 155 Extra"]
[Source "ChessBase"]
[SourceDate "2013.08.26"]
[SourceVersion "1"]
[SourceVersionDate "2013.08.26"]
[SourceQuality "1"]

1. e4 c5 2. Nc3 Nc6 3. f4 e6 4. Nf3 d5 5. Bb5 dxe4 6. Bxc6+ bxc6 7. Nxe4 Ba6 8. d3 c4 9. d4 Nf6 10. Qe2 Nxe4 11. Qxe4 Qd5 12. Qe2 Bd6 13. c3 0-0 14. 0-0 Rab8 15. Ne5 Rb7 16. Ng4 c5 17. Be3 f5 18. Ne5 Rfb8 19. Rf2 Qe4 20. Re1 Rxb2 21. Qxb2 Rxb2 22. Rxb2 cxd4 23. Bd2 dxc3 24. Rxe4 cxb2 25. Re1 Bc5+ 26. Kh1 Bd4 27. Nf3 c3 28. Nxd4 cxd2 29. Rg1 Bd3 0-1

[Event "Zwijndrecht op"]
[Site "Zwijndrecht"]
[Date "2010.12.29"]
[Round "8"]
[White "Beukema, Stefan"]
[Black "Verwoert, Jef"]
[Result "1-0"]
[WhiteElo "2127"]
[BlackElo "2040"]
[PlyCount "137"]
[EventDate "2010.12.26"]
[EventType "swiss"]
[EventRounds "9"]
[EventCountry "BEL"]
[SourceTitle "CBM 140 Extra"]
[Source "ChessBase"]
[SourceDate "2011.03.01"]
[SourceVersion "1"]
[SourceVersionDate "2011.03.01"]
[SourceQuality "1"]

1. e4 c5 2. Nf3 g6 3. d4 cxd4 4. Nxd4 Nc6 5. c4 Nf6 6. Nc3 d6 7. Be2 Nxd4 8. Qxd4 Bg7 9. Be3 0-0 10. Qd2 a5 11. 0-0 a4 12. Rad1 Be6 13. Bd4 Qa5 14. Qe3 Nd7 15. Bxg7 Kxg7 16. f4 Qc5 17. Qxc5 Nxc5 18. f5 Bd7 19. f6+ exf6 20. Rxd6 Bc6 21. Bf3 Rae8 22. Re1 Re5 23. Nd5 f5 24. Nb4 Bxe4 25. Rd5 Rfe8 26. Rxe5 Rxe5 27. Kf2 Re6 28. Rd1 Rb6 29. a3 Na6 30. Nxa6 Rxa6 31. Bxe4 fxe4 32. c5 Rc6 33. Rd5 b6 34. Ke3 f5 35. Rd4 Rxc5 36. Rxa4 Rc6 37. Ra7+ Kh6 38. Rb7 Rd6 39. Kf4 Re6 40. Rc7 Rd6 41. Rb7 Rd2 42. Rxb6 Rxg2 43. a4 Rxh2 44. a5 Rh3 45. a6 Rf3+ 46. Ke5 e3 47. Re6 Rf1 48. Kd4 Ra1 49. b4 e2 50. b5 Ra4+ 51. Kc3 Ra2 52. Kb3 Ra5 53. Kc4 Ra4+ 54. Kd3 Ra3+ 55. Kc4 Ra4+ 56. Kc3 Ra2 57. Kb3 Ra5 58. Kb4 Ra2 59. Kc5 f4 60. b6 Rxa6 61. Rxe2 Rxb6 62. Kxb6 Kg5 63. Kc5 f3 64. Rf2 Kf4 65. Kd4 g5 66. Rh2 g4 67. Rxh7 g3 68. Rf7+ Kg4 69. Ke3 1-0

[Event "Zwijndrecht op"]
[Site "Zwijndrecht"]
[Date "2010.12.26"]
[Round "2"]
[White "Geirnaert, Steven"]
[Black "Verwoert, Jef"]
[Result "1-0"]
[WhiteElo "2352"]
[BlackElo "2040"]
[PlyCount "71"]
[EventDate "2010.12.26"]
[EventType "swiss"]
[EventRounds "9"]
[EventCountry "BEL"]
[SourceTitle "CBM 140 Extra"]
[Source "ChessBase"]
[SourceDate "2011.03.01"]
[SourceVersion "1"]
[SourceVersionDate "2011.03.01"]
[SourceQuality "1"]

1. d4 Nf6 2. c4 e5 3. dxe5 Ng4 4. Nf3 Bc5 5. e3 Nc6 6. a3 a5 7. b3 0-0 8. Bb2 Re8 9. Be2 Ngxe5 10. Nxe5 Nxe5 11. Nd2 Ra6 12. Nf3 Rd6 13. Qc2 Nxf3+ 14. Bxf3 Qg5 15. Rd1 Rxd1+ 16. Qxd1 Qe7 17. Qc1 Qh4 18. 0-0 Qh6 19. Bc3 b6 20. Qb2 Bd6 21. g3 Ba6 22. Rd1 a4 23. bxa4 Bxc4 24. a5 bxa5 25. Bxa5 Qg5 26. Bc3 h5 27. h4 Qf5 28. Bg2 Qg4 29. Rd4 Qe2 30. Rd2 Qe1+ 31. Kh2 Bxg3+ 32. Kxg3 Qg1 33. Qa1 Rxe3+ 34. fxe3 Qxe3+ 35. Kh2 Qf4+ 36. Kg1 1-0

[Event "Dieren op"]
[Site "Dieren"]
[Date "2000.07.20"]
[Round "3"]
[White "Verwoert, Jef"]
[Black "Hamelink, Desiree"]
[Result "1/2-1/2"]
[WhiteElo "2106"]
[BlackElo "2176"]
[PlyCount "38"]
[EventDate "2000.07.18"]
[EventType "swiss"]
[EventRounds "9"]
[EventCountry "NED"]
[SourceTitle "CBM 077 Extra"]
[Source "ChessBase"]
[SourceDate "2000.09.14"]
[SourceVersion "1"]
[SourceVersionDate "2000.09.14"]
[SourceQuality "1"]

1. Nc3 c5 2. Nf3 Nc6 3. d4 d5 4. Bf4 Nf6 5. e3 Bg4 6. Be2 e6 7. 0-0 Bxf3 8. Bxf3 Rc8 9. dxc5 Bxc5 10. Na4 Be7 11. Nc3 0-0 12. e4 d4 13. Ne2 e5 14. Bg3 Qa5 15. c3 dxc3 16. Nxc3 Rfd8 17. Qb3 Nd4 18. Qa4 Qc5 19. Rac1 b5 1/2-1/2